Conceptual cost estimating manual (Record no. 101861)

MARC details
000 -LEADER
fixed length control field 01214cam a2200277 4500
008 - FIXED-LENGTH DATA ELEMENTS--GENERAL INFORMATION
fixed length control field 020125n1997 000 0 eng u
020 ## - INTERNATIONAL STANDARD BOOK NUMBER
International Standard Book Number 0884152677
035 ## - SYSTEM CONTROL NUMBER
System control number (Sirsi) u116475
041 ## - LANGUAGE CODE
Language code of text/sound track or separate title eng.
050 ## - LIBRARY OF CONGRESS CALL NUMBER
Classification number 692.5
100 ## - MAIN ENTRY--PERSONAL NAME
Personal name Page, J.
245 ## - TITLE STATEMENT
Title Conceptual cost estimating manual
250 ## - EDITION STATEMENT
Edition statement 2nd ed.
260 ## - PUBLICATION, DISTRIBUTION, ETC.
Place of publication, distribution, etc. Houston, Tex.
Name of publisher, distributor, etc. Gulf Publishing Company
Date of publication, distribution, etc. 1997
300 ## - PHYSICAL DESCRIPTION
Extent xvii,326p.
Dimensions 23cm.
350 ## - PRICE (NR) (BK AM CF MU VM SE) [OBSOLETE]
Price 60.00
520 ## - SUMMARY, ETC.
Summary, etc. An American guide that provides managers of chemical, refinery and industrial plants with the information they need to generate fast, reasonably accurate costs for designing and constructing a specified facility. Among the specifics covered are: process equipment, site preparation, site improvements, concrete, structural steel, iron, buildings, piping, installation and material cost of electrical equipment, insulation, paint and painting, and construction equipment. Figures are given in imperial units.
650 ## - SUBJECT ADDED ENTRY--TOPICAL TERM
Topical term or geographic name entry element COST ESTIMATING
650 ## - SUBJECT ADDED ENTRY--TOPICAL TERM
Topical term or geographic name entry element CHEMICAL PLANTS
650 ## - SUBJECT ADDED ENTRY--TOPICAL TERM
Topical term or geographic name entry element REFINERIES
650 ## - SUBJECT ADDED ENTRY--TOPICAL TERM
Topical term or geographic name entry element INDUSTRIAL BUILDINGS
650 ## - SUBJECT ADDED ENTRY--TOPICAL TERM
Topical term or geographic name entry element DESIGN COSTS
650 ## - SUBJECT ADDED ENTRY--TOPICAL TERM
Topical term or geographic name entry element CONSTRUCTION COSTS
690 ## - LOCAL SUBJECT ADDED ENTRY--TOPICAL TERM (OCLC, RLIN)
Topical term or geographic name as entry element BUILT ENVIRONMENT-BUILDING COSTS
942 ## - ADDED ENTRY ELEMENTS (KOHA)
Suppress in OPAC 0
Holdings
Withdrawn status Lost status Source of classification or shelving scheme Damaged status Not for loan Home library Current library Shelving location Date acquired Cost, normal purchase price Total Checkouts Full call number Barcode Date last seen Date last checked out Copy number Cost, replacement price Price effective from Koha item type
    Dewey Decimal Classification     London London Books 02/04/2002 51.00 6 692.5 PAG 30065646 06/08/2019 10/12/2009 1 51.00 06/08/2019 Book